El Corán
Enregistré dans:
| Format: | Livre |
|---|---|
| Langue: | espagnol |
| Publié: |
Barcelona
Fapa Ediciones
2001
|
| Édition: | 1a. ed |
| Collection: | Colección Ave Fénix
|
| Sujets: | |
| Tags: |
Ajouter un tag
Pas de tags, Soyez le premier à ajouter un tag!
|
MARC
| LEADER | 00000cam a2200000 a 4500 | ||
|---|---|---|---|
| 001 | UCE1476 | ||
| 003 | CL-VaPUC | ||
| 008 | 140414e20011200sp |||||||||||||||||spa|d | ||
| 020 | |a 8497330838 | ||
| 082 | 0 | 4 | |a 297 |b COR |2 21 |
| 245 | 1 | 3 | |a El Corán |
| 250 | |a 1a. ed | ||
| 300 | |a 492 p | ||
| 942 | |c BK | ||
| 945 | |d 20140414 |a dcastane | ||
| 260 | |a Barcelona |b Fapa Ediciones |c 2001 | ||
| 650 | 7 | |a LIBROS SAGRADOS |2 CL-VaPUC |9 573810 | |
| 650 | 0 | |a Corán |9 314983 | |
| 650 | 0 | |a Musulmanes |9 332296 | |
| 650 | 7 | |a ISLAM |2 CL-VaPUC |9 349147 | |
| 583 | |a last modification |c 20140424 12:37:03 |k Rodrigo Vera | ||
| 490 | 0 | |a Colección Ave Fénix | |
| 999 | |c 355255 |d 355253 | ||
| 952 | |0 0 |1 0 |3 erb |4 0 |6 297_000000000000000_COR_2001 |7 0 |8 DER_HDC |9 461837 |a BIBDER |b BIBDER |i 5067804 |l 1 |o 297 COR 2001 |p 5067804 |r 2023-01-25 |s 2020-03-19 |w 2019-11-23 |x Ubicación 4to Piso |y BK |z Estos recursos deben solicitarse con anticipación |k DER | ||